000 00488nam a2200193 a 4500
001 1758712715081
003 YourLibrary
005 20250924164949.0
008 250924s2000##################000#0#eng##
020 _a9780199637164
082 0 4 _a579.25
_bCAN
100 1 _aCann, Alan,
_eauthor.
245 1 0 _aRNA Viruses :
260 _bOxford University Press, USA,
_c2000.
300 _a266 pages
650 0 _aMedical.
942 _cENGLISH
040 _aYourLibrary
_beng
_cYourLibrary
999 _c589412
_d589412